| 000 | 00487nam a22001697a 4500 | ||
|---|---|---|---|
| 003 | SGT | ||
| 020 | _a9780323872287 | ||
| 082 |
_a615.8 _bP24B |
||
| 100 | _aBARNARD, KIERAN | ||
| 245 | _aPETTY'S PRINCIPLES OF MUSCULOSKELETAL TRETMENT & MANAGEMENT A HB. OF THERAPISTS | ||
| 250 | _a4TH | ||
| 260 |
_aUK _bELSEVIER PUB _c2024 |
||
| 300 | _a295 | ||
| 650 | _aPHYSIOTHERAPY | ||
| 653 | _aPETTY'S PRINCIPLES OF MUSCULOSKELETAL TRETMENT & MANAGEMENT A HB. OF THERAPISTS | ||
| 942 |
_2ddc _cBK |
||
| 999 |
_c31026 _d31026 |
||